00000000nam##2200000za#4500
0019.632850
003CaOODSP
00520210624215027
007cr |||||||||||
008150407|2006||||xxc|||||o    f|0| 0 fre|d
020 |a0-662-71934-4
040 |aCaOODSP|bfre
043 |an-cn---
0861 |aM144-126/2006F-PDF
1101 |aCanada. |bRessources naturelles Canada.
24510|aPerspectives énergétiques du Canada : |h[ressource électronique]|bscénario de référence de 2006
260 |aOttawa - Ontario : |bRessources naturelles Canada |c2006.
300 |a226p.|bfigures en couleur, tableaux
500 |a«Le présent document fournit un scénario de référence pour l'offre et la demande d'énergie au Canada ainsi que pour le niveau d'émissions jusqu'en 2020 ... Les projections à long terme de 1999, présentées dans Perspectives des émissions du Canada – Une mise à jour, ont été modifiées au début de 2002.» --Page 11 des 226, Introduction.
590 |a13-20-Supp|b2013-08-30
77508|tCanada's energy outlook : |w(CaOODSP)9.688426
85640|ahttp://publications.gc.ca|qPDF|s3232 Ko|uhttps://publications.gc.ca/collections/collection_2013/rncan-nrcan/M144-126-2006-fra.pdf